000 00398 a2200169 4500
001 187305
020 _a85-322-5054-8
040 _cMagnum
100 _aStrausz, Rosa Amanda
240 1 0 _aPara que serve uma barriga tão grande?
_lpor
245 1 0 _aPara que serve uma barriga tão grande?
300 _a31
362 0 _a2003
440 1 _aFTD
697 _aLITERATURA INFANTIL
942 _cBK
999 _c187305
_d187305